000 00752nam a2200253Ia 4500
003 GCL
008 140319s9999 xx 000 0 ara d
040 _aGCL /
_cGCL
082 0 4 _a320.962
_bع ق
100 1 _aعلى صبرى
245 1 0 _aقراءة فى اوراق على صبرى /
_cعلى صبرى
700 1 _aمحمد عروق (تقديم)
260 _a[S.N] :
_bدار المستقبل العربى ،
_c1992
300 _a201 ص
490 _a
650 0 4 _aالعصر الحديث
650 0 4 _aمصر
650 0 4 _aتاريخ
650 0 4 _aالاتحاد السوفيتى
650 0 4 _aالاحوال السياسية
650 0 4 _aالقوات المسلحة
650 0 4 _aجمال عبدالناصر
942 _2ddc
_cBK
999 _c30570
_d30570